Регионална библиотека "Любен Каравелов" - Русе

Заек и мечка (Запис номер 348447)

MARC детайли
000 -Лидер
Контролно поле с фиксирана дължина 01218nam a2200313 a 4500
003 - Код на организацията, давaща контролен номер
Контролно поле BLK
005 - Дата и час на последна редакция
Контролно поле 20250702104304.0
008 - Елементи от данни с фиксирана дължина
fixed length control field 200206b bu ||||| |||| 00| 0 bu d
020 ## - Международен стандартен номер на книга ISBN
Международен стандартен номер на книга ISBN 9786197455199
040 ## - Източник на каталожния запис
Идентификатор на билиотеката - собственик на записа BLK
041 ## - Код за език
Код за езика на текст/звукозапис или на отделно заглавие Български
Код за езика КДБФ Български
080 ## - УДК
Текстов определител УДК Английска литература
УДК код - определител по УДК 821.111
УДК определител -93-34
УДК - код + определител 821.111-93-34
100 ## - Редна дума - Автор
Автор Гоф, Джулиан
Авторска отговорност първи автор
R(LIN) 1299
139 ## - Редно поле
Редна дума Гоф, Джулиан
Авторски знак Гос - Г 70
240 ## - Унифицирано заглавие
Унифицирано заглавие Rabbit & Bear, attack of the snack
245 ## - Сведения за заглавието
Заглавие Заек и мечка
Подзаглавни данни Летяща закуска в атака се впуска
Редно поле (дума) Ил. Джим Фийлд ; прев. Петя Гуламали
260 ## - Област на издателските данни
9 (RLIN) 392712
Място на издаване, разпространение и проч. София
Име на издателя, разпространителя и проч. Timelines
Година на издаване 2019
Печатница Китай
300 ## - Физическа характеристика
Страници 103 с.
Илюстрации и др. с цв. ил.
Размери/Мащаб 19 см
380 ## - Жанр
Жанр Детска худож. лит.
500 ## - Общи забележки
Забележка Ориг. загл.: Rabbit & Bear, attack of the snack / Julian Gough<br/>За авт. и ил.: с. 102
700 ## - Други автори (авторска отговорност)
9 (RLIN) 599
Лично име Фийлд, Джим
Автороска отговорност (Описва отношението между автора и произведението) ил.
700 ## - Други автори (авторска отговорност)
9 (RLIN) 966
Лично име Гуламали, Петя Рафик
Автороска отговорност (Описва отношението между автора и произведението) прев.
852 ## - Местоположение
Форматна сигнатура Цб 299359
Фондова буква Хранилище
999 ## - СИСТЕМНИ КОНТРОЛНИ НОМЕРА
Koha biblionumber 348447
Koha biblioitemnumber 348447
942 ## - АРТИКУЛИ
Вид на библиотечния материал Книги
Скрит в OPAC Не
Периодичен библиозапис Да
Koha issues (borrowed), all copies 40
944 ## - СЪЗДАВАНЕ И РЕДАКЦИЯ на ЗАПИСА
Създаване/Редакция Създаване
Дата на регистрацията/редакция 2020-06-29
Статус, дата на статуса Грета Цуфелде
Служител, извършил регистрацията/редакцията 30537
999 ## - СИСТЕМНИ КОНТРОЛНИ НОМЕРА
Koha biblioitemnumber 348447
999 ## - СИСТЕМНИ КОНТРОЛНИ НОМЕРА
Koha biblioitemnumber 348447
999 ## - СИСТЕМНИ КОНТРОЛНИ НОМЕРА
Koha biblioitemnumber 348447
Наличности
Код за отписване Код за изгубен артикул Източник на класификационната схема Код за повреда Коз за рестрикции Код за отдаване Артикулен № Име на библиотеката - собственик Име на библиотеката, в която се намира в момента Статус (Текущо местоположение) Дата на вписване в системата Местоположение - отдел Цена в лева Систематично азбучна сигнатура Баркод Цена в евро Служебен тип на артикула
  Не е изгубен Universal Decimal Classification Не е повреден без рестрикции заемане за дома 755128 Регионална библиотека "Любен Каравелов" Русе Регионална библиотека "Любен Каравелов" Русе Детски отдел 2020-02-06 Детски отдел 11.25 ДХ 820/899/Г 70 120000842392 5.75 Книги
  Не е изгубен Universal Decimal Classification Не е повреден без рестрикции заемане за дома 755129 Регионална библиотека "Любен Каравелов" Русе Регионална библиотека "Любен Каравелов" Русе Детски отдел 2020-02-06 Детски отдел 11.25 ДХ 820/899/Г 70 120000842393 5.75 Книги
  Не е изгубен Universal Decimal Classification Не е повреден без рестрикции ползва се в читалня 779947 Регионална библиотека "Любен Каравелов" Русе Регионална библиотека "Любен Каравелов" Русе Хранилище 2020-07-03 Хранилище 15.00 Цб 299359 120000843931 7.67 Книги
Vip Innovations Ltd, Rousse, Bulgaria 2025